Pets, aquarium, and terrarium species : (Registro nro. 18879)

Detalles MARC
000 -CABECERA
Campo de control 01091nam a22002537a 4500
005 - FECHA Y HORA DE LA ULTIMA TRANSACCION
Campo de control 20160719121412.0
008 - ELEMENTOS DE LONGITUD FIJA—INFORMACION GENERAL
Campo de control 160719t2010 -cna||||r|||| 00| 0 eng d
020 ## - ISBN
ISBN 922252046
040 ## - FUENTE DE CATALOGACIÓN
Agencia catalogadora original CO-BoIAVH
Agencia transcriptora CO-BoIAVH
041 0# - IDIOMA
Código de idioma para texto/pista de sonido o título separado Inglés
044 ## - PAÍS DE PUBLICACIÓN
País de publicación Canadá
082 04 - NUMERO DE CLASIFICACION DECIMAL DEWEY
Número de clasificación 333.9516
Número del ítem P49a
245 00 - MENCION DE TITULO
Título Pets, aquarium, and terrarium species :
Parte restante del título Best practices for addressing risks to biodiversity /
Mención de responsabilidad Secretariat of the Convention on Biological Diversity
260 ## - PUBLICACION, DISTRIBUCION, ETC. (PIE DE IMPRENTA)
Lugar de publicación, distribución, etc. Montreal, Canadá :
Nombre del editor, distribuidor, etc. Secretariat of the Convention on Biological Diversity,
Fecha de publicación, distribución, etc. c2010.
300 ## - DESCRIPCION FISICA
Extensión 43 páginas :
Otros detalles físicos ilustraciones a color ;
Dimensiones 28 x 21 cm.
490 0# - MENCION DE SERIE
Mención de serie CBD Technical Series ;
Designación numérica/secuencial del volumen 48
504 ## - NOTA DE BIBLIOGRAFIA, ETC.
Nota de bibliografía Incluye referencias bibliográficas.
650 26 - ASIENTO SECUNDARIO DE MATERIA - TERMINO TEMATICO
Término temático o nombre geográfico como elemento de entrada Biodiversidad
Subdivisión general Riesgo
-- buenas prácticas
9 (RLIN) 72969
650 26 - ASIENTO SECUNDARIO DE MATERIA - TERMINO TEMATICO
Término temático o nombre geográfico como elemento de entrada Animales de compañía
Subdivisión general Riesgo
-- buenas prácticas
9 (RLIN) 72970
650 24 - ASIENTO SECUNDARIO DE MATERIA - TERMINO TEMATICO
Término temático o nombre geográfico como elemento de entrada Especies acuáticas
Subdivisión general Riesgo
-- buenas prácticas
9 (RLIN) 72971
650 24 - ASIENTO SECUNDARIO DE MATERIA - TERMINO TEMATICO
Término temático o nombre geográfico como elemento de entrada Especies terrestres
Subdivisión general Riesgo
-- buenas prácticas
9 (RLIN) 72972
710 2# - ASIENTO SECUNDARIO - NOMBRE CORPORATIVO
Nombre corporativo o de jurisdicción como elemento de entrada Secretariat of the Convention on Biological Diversity.
9 (RLIN) 72973
942 ## - ELEMENTOS ADICIONALES (KOHA)
Sistema de clasificación Dewey Decimal Classification
Tipo de ítem Libro
Existencias
Withdrawn status Lost status Sistema de Clasificación Damaged status No para préstamo Colección Inventariado Ubicación Permanente Ubicación actual Fecha de adquisición Fuente de Valor Valor Total Checkouts Número topográfico Inventario / Código de Barras Date last seen Ejemplar Price effective from Forma de adquisición Tipo de material
    Dewey Decimal Classification     General Inventariado 2017 Bogotá Bogotá 19/07/2016 Instituto 39000.00   LB-333.9516 P49a 034666 19/07/2016 Ej. 1 19/07/2016 Donación Libro
    Dewey Decimal Classification     General   Bogotá Bogotá 23/11/2017       LB-333.9516 P49a 059712 23/11/2017 Ej. 3 23/11/2017 Donación Libro
    Dewey Decimal Classification     General Inventariado 2017 Sala Fabio Quevedo Sala Fabio Quevedo 22/08/2016 Instituto 39000.00   LB-333.9516 P49a 038914 22/08/2016 Ej. 2 22/08/2016 Donación Libro